[Event "Ville d'Orsay online Blitz"]
[Site "Europe Echecs INT"]
[Date "2021.02.07"]
[Round "7"]
[White "Maillard, Xavier"]
[Black "Quenehen, Nassim"]
[Result "1/2-1/2"]
[WhiteElo "1063"]
[BlackElo "1355"]
[PlyCount "149"]
[EventDate "2021.02.07"]
[EventType "swiss (blitz)"]
[EventRounds "11"]
[EventCountry "FRA"]
[SourceTitle "CBM 200 Extra"]
[Source "ChessBase"]
[SourceDate "2021.03.31"]
[SourceVersion "1"]
[SourceVersionDate "2021.03.31"]
[SourceQuality "1"]

1. c4 c5 2. Nc3 Nc6 3. g3 g6 4. Bg2 Bg7 5. e4 d6 6. Nge2 e6 7. Rb1 Nge7 8. 0-0 0-0 9. d3 Nd4 10. Nxd4 Bxd4 11. Ne2 Bg7 12. a3 Nc6 13. b4 b6 14. b5 Nd4 15. Nxd4 Bxd4 16. Bb2 Bxb2 17. Rxb2 Qf6 18. e5 Qxe5 19. Re2 Qf6 20. Bxa8 Bd7 21. Bc6 Bc8 22. Qc2 e5 23. Re4 Bf5 24. Re2 g5 25. Be4 Bg4 26. Re3 h5 27. Rfe1 h4 28. Qc3 Kh8 29. Bd5 hxg3 30. fxg3 Kg7 31. Rf1 Qh6 32. Bf3 Bh3 33. Bg2 Be6 34. Rf2 Rh8 35. Bh1 f5 36. Qd2 f4 37. gxf4 gxf4 38. Ree2 Kf6 39. Qe1 Bg4 40. Bf3 Rg8 41. Bxg4 Rxg4+ 42. Rg2 Rh4 43. Ref2 Ke6 44. Qe2 Rh3 45. Rf3 Rxf3 46. Qxf3 Qh7 47. Qg4+ Kf6 48. Kf2 Qxd3 49. Qg6+ Qxg6 50. Rxg6+ Kxg6 51. Kf3 Kg5 52. h3 Kf5 53. h4 e4+ 54. Kf2 Kg4 55. h5 Kh4 56. h6 e3+ 57. Ke2 Kg3 58. h7 f3+ 59. Kxe3 f2 60. h8Q f1Q 61. Qg8+ Kh3 62. Qh8+ Kg3 63. Qg7+ Kh4 64. Qh6+ Kg4 65. Qg6+ Kh3 66. Qh5+ Kg3 67. Qg5+ Kh2 68. Qh5+ Kg3 69. Qg5+ Kh3 70. Qh5+ Kg2 71. Qg4+ Kh2 72. Qh4+ Kg2 73. Qg4+ Kh2 74. Qh4+ Kg2 75. Qg4+ 1/2-1/2

[Event "Ville d'Orsay online Blitz"]
[Site "Europe Echecs INT"]
[Date "2021.02.07"]
[Round "9"]
[White "Staune, Jean"]
[Black "Quenehen, Nassim"]
[Result "0-1"]
[WhiteElo "1719"]
[BlackElo "1355"]
[PlyCount "82"]
[EventDate "2021.02.07"]
[EventType "swiss (blitz)"]
[EventRounds "11"]
[EventCountry "FRA"]
[SourceTitle "CBM 200 Extra"]
[Source "ChessBase"]
[SourceDate "2021.03.31"]
[SourceVersion "1"]
[SourceVersionDate "2021.03.31"]
[SourceQuality "1"]

1. e4 e5 2. Nf3 Nf6 3. Nc3 Nc6 4. d4 exd4 5. Nxd4 Nxd4 6. Qxd4 d6 7. Bg5 Be7 8. Bd3 Be6 9. 0-0 Qd7 10. Bb5 c6 11. Be2 h6 12. Bh4 0-0 13. Rad1 d5 14. exd5 Nxd5 15. Nxd5 Bxd5 16. Bxe7 Qxe7 17. a3 Qxe2 18. Rfe1 Qh5 19. h3 Qg6 20. g3 Rad8 21. Qxa7 Qh5 22. Kh2 Qf3 23. Rg1 Ra8 24. Qc5 Ra5 25. Qd4 Ra6 26. c4 Be6 27. Ra1 Qf6 28. Qd2 Rb6 29. Rab1 Ra6 30. c5 Bf5 31. Rbc1 Ra5 32. Qxa5 Qxb2 33. Qb4 Qxf2+ 34. Rg2 Qe3 35. Re1 Qf3 36. Qxb7 Qh5 37. g4 Qh4 38. Rf1 Be4 39. Rgf2 Qg5 40. Rxf7 Qe5+ 41. Kg1 Qg3# 0-1

[Event "FRA-ch Blitz Online Qual"]
[Site "Europe Echecs INT"]
[Date "2020.05.16"]
[Round "1"]
[White "Cavailles, Evan"]
[Black "Quenehen, Nassim"]
[Result "1-0"]
[WhiteElo "2018"]
[BlackElo "1322"]
[PlyCount "119"]
[EventDate "2020.05.16"]
[EventType "swiss (blitz)"]
[EventRounds "15"]
[EventCountry "FRA"]
[SourceTitle "CBM 196 Extra"]
[Source "ChessBase"]
[SourceDate "2020.07.31"]
[SourceVersion "1"]
[SourceVersionDate "2020.07.31"]
[SourceQuality "1"]

1. e4 e5 2. Nf3 Nf6 3. Nxe5 d6 4. Nf3 Nxe4 5. d4 d5 6. Bd3 Nf6 7. 0-0 Be6 8. Re1 Bd6 9. h3 0-0 10. c3 Nc6 11. Bc2 Qd7 12. Qd3 Ne7 13. Bg5 Bf5 14. Qd2 Ne4 15. Qe2 Ng6 16. Be3 Rfe8 17. Nbd2 Nxd2 18. Qxd2 Bxc2 19. Qxc2 Re7 20. Bg5 Rxe1+ 21. Rxe1 Re8 22. Re2 Rxe2 23. Qxe2 Qe6 24. Qxe6 fxe6 25. h4 Bf4 26. Bxf4 Nxf4 27. Ne5 Kf8 28. Kf1 Ke7 29. g3 Ng6 30. Nd3 Kd6 31. Ke2 c5 32. Ke3 c4 33. Ne1 b5 34. Nf3 a5 35. Ng5 h6 36. Nf3 b4 37. Nd2 bxc3 38. bxc3 Ne7 39. g4 Nc6 40. Nf3 g6 41. Kf4 a4 42. Nh2 Na5 43. Nf3 Nc6 44. h5 g5+ 45. Nxg5 hxg5+ 46. Kxg5 Ke7 47. Kg6 Kf8 48. Kf6 Nd8 49. g5 Nf7 50. g6 Nd8 51. h6 Kg8 52. f4 Kf8 53. h7 Nf7 54. g7+ Ke8 55. g8Q+ Kd7 56. Qxf7+ Kc6 57. Qxe6+ Kb5 58. h8Q Ka5 59. Qa8+ Kb5 60. Qec6# 1-0

[Event "FRA-ch Blitz Online Qual"]
[Site "Europe Echecs INT"]
[Date "2020.05.16"]
[Round "5"]
[White "Quenehen, Nassim"]
[Black "Sithisak, William"]
[Result "0-1"]
[WhiteElo "1322"]
[BlackElo "1692"]
[PlyCount "166"]
[EventDate "2020.05.16"]
[EventType "swiss (blitz)"]
[EventRounds "15"]
[EventCountry "FRA"]
[SourceTitle "CBM 196 Extra"]
[Source "ChessBase"]
[SourceDate "2020.07.31"]
[SourceVersion "1"]
[SourceVersionDate "2020.07.31"]
[SourceQuality "1"]

1. Nf3 c5 2. g3 Nc6 3. Bg2 g6 4. 0-0 Bg7 5. c3 Nf6 6. Qc2 0-0 7. d3 d6 8. Bg5 Bf5 9. e4 Bd7 10. Nbd2 h6 11. Be3 Ng4 12. h3 Nxe3 13. fxe3 Rc8 14. d4 cxd4 15. exd4 Kh7 16. Rfe1 e6 17. e5 d5 18. g4 Na5 19. b4 Nc4 20. Nxc4 Rxc4 21. Qd3 Bb5 22. Qe3 Qc7 23. Rac1 a6 24. Bf1 Rc6 25. Bxb5 axb5 26. Rc2 Rc8 27. Rec1 Bf8 28. g5 h5 29. h4 Bxb4 30. Qf4 Bf8 31. Nd2 Bg7 32. Nf3 b4 33. Qe3 bxc3 34. Nh2 Bf8 35. Nf1 Ba3 36. Re1 Rb6 37. Ng3 Rb2 38. Rec1 Rxc2 39. Rxc2 Bb4 40. Ne2 Kg8 41. a3 Ba5 42. Kf2 Qc4 43. Kf3 Qb3 44. Qc1 Rc4 45. Ke3 Kf8 46. Kd3 Qb5 47. Ke3 Qb3 48. Kd3 Ke7 49. Nxc3 Bxc3 50. Rxc3 Rxc3+ 51. Qxc3 Qb1+ 52. Qc2 Qf1+ 53. Qe2 Qxe2+ 54. Kxe2 Kd7 55. Kd3 Kc6 56. Kc3 Kb5 57. Kb3 Ka5 58. a4 b5 59. axb5 Kxb5 60. Kc3 Ka4 61. Kc2 Kb4 62. Kd3 Kb3 63. Ke3 Kc3 64. Kf4 Kxd4 65. Kf3 Kd3 66. Kf4 d4 67. Kf3 Kd2 68. Kf2 d3 69. Kf1 Kc2 70. Ke1 d2+ 71. Ke2 d1Q+ 72. Ke3 Qd3+ 73. Kf4 Qd2+ 74. Ke4 Qd5+ 75. Kf4 Kd3 76. Kg3 Ke3 77. Kh2 Qxe5+ 78. Kh1 Qe4+ 79. Kh2 Qf4+ 80. Kg1 Qf2+ 81. Kh1 Qe2 82. Kg1 Kf3 83. Kh1 Qg2# 0-1